[Event "Canadian op"]
[Site "Calgary"]
[Date "2023.07.27"]
[Round "7"]
[White "Perelman, Leon"]
[Black "Bulga, Tamir"]
[Result "1-0"]
[WhiteElo "1954"]
[BlackElo "1796"]
[PlyCount "75"]
[EventDate "2023.07.22"]
[EventType "swiss"]
[EventRounds "10"]
[EventCountry "CAN"]
[SourceTitle "EXT 2024"]
[Source "ChessBase"]
[SourceDate "2023.10.10"]
[SourceVersion "1"]
[SourceVersionDate "2023.10.10"]
[SourceQuality "1"]

1. c4 c5 2. e3 e6 3. Nf3 Nf6 4. b3 Nc6 5. Bb2 d5 6. Be2 Be7 7. 0-0 0-0 8. a3 a5 9. Qc2 d4 10. exd4 cxd4 11. Re1 e5 12. Bd3 Qc7 13. Bf5 g6 14. Bxc8 Raxc8 15. d3 Nh5 16. Nbd2 f5 17. c5 Rfe8 18. b4 Bf6 19. Qb3+ Kh8 20. Nc4 Re7 21. Nb6 Rd8 22. Nd5 Rxd5 23. Qxd5 Nf4 24. Qd6 Kg7 25. Qxc7 Rxc7 26. b5 Nxd3 27. bxc6 Rxc6 28. Re2 Rxc5 29. g3 Rc4 30. Ne1 Nc5 31. Rc2 b5 32. Rac1 d3 33. Rxc4 bxc4 34. Nf3 Na4 35. Ba1 e4 36. Bxf6+ Kxf6 37. Rxc4 exf3 38. Rxa4 1-0

[Event "Canadian op"]
[Site "Calgary"]
[Date "2023.07.23"]
[Round "2"]
[White "Bitan, Banerjee"]
[Black "Perelman, Leon"]
[Result "1-0"]
[WhiteElo "2397"]
[BlackElo "1954"]
[PlyCount "79"]
[EventDate "2023.07.22"]
[EventType "swiss"]
[EventRounds "10"]
[EventCountry "CAN"]
[SourceTitle "EXT 2024"]
[Source "ChessBase"]
[SourceDate "2023.10.10"]
[SourceVersion "1"]
[SourceVersionDate "2023.10.10"]
[SourceQuality "1"]

1. c4 e6 2. Nc3 d5 3. d4 c6 4. Nf3 dxc4 5. g3 b5 6. Bg2 Bb7 7. 0-0 Nd7 8. Qc2 Ngf6 9. e4 Qb6 10. Rd1 Bb4 11. Bf4 h6 12. a3 Be7 13. a4 g5 14. a5 Qd8 15. a6 Bxa6 16. Rxa6 gxf4 17. d5 Nb8 18. dxe6 Qc7 19. exf7+ Kxf7 20. Raa1 Nbd7 21. e5 Nxe5 22. Nxe5+ Qxe5 23. Bxc6 fxg3 24. hxg3 Bc5 25. Kg2 Rac8 26. Bxb5 Bb6 27. Ra4 Kg7 28. Bxc4 Rhf8 29. Ba2 h5 30. Rf4 Rc7 31. Bb1 Qg5 32. Rf5 Qg6 33. Qd2 Ne4 34. Rxf8 Nxd2 35. Bxg6 Kxf8 36. Rxd2 h4 37. gxh4 Ba5 38. Kg3 Bxc3 39. bxc3 Rxc3+ 40. Kg4 1-0

[Event "Aurora Spring op"]
[Site "Aurora"]
[Date "2014.03.09"]
[Round "4.8"]
[White "Perelman, Leon"]
[Black "Cai, Jason"]
[Result "1-0"]
[WhiteElo "1978"]
[BlackElo "1984"]
[PlyCount "73"]
[EventDate "2014.03.08"]
[EventType "swiss"]
[EventRounds "5"]
[EventCountry "CAN"]
[SourceTitle "EXT 2022"]
[Source "ChessBase"]
[SourceDate "2021.10.06"]
[SourceVersion "1"]
[SourceVersionDate "2021.10.06"]
[SourceQuality "1"]

1. d4 Nf6 2. c4 c5 3. d5 b5 4. cxb5 a6 5. f3 g6 6. e4 Bg7 7. Na3 d6 8. Ne2 Nbd7 9. Nc3 0-0 10. Be2 axb5 11. Naxb5 Ba6 12. 0-0 Ne8 13. Qc2 Nc7 14. Bg5 Nb6 15. a4 Qd7 16. Ra3 Rfb8 17. b3 Nc8 18. Ra2 Bxb5 19. Bxb5 Nxb5 20. Nxb5 Na7 21. Na3 Rb7 22. Nc4 Rab8 23. Rb1 Qc7 24. Bd2 Qd7 25. Qd3 h5 26. Kh1 Qe8 27. f4 Qd7 28. h3 Qc8 29. Be1 Qd7 30. Bf2 Qc8 31. e5 Qd7 32. Re2 Rc8 33. Bh4 Bf8 34. e6 Qe8 35. f5 Bg7 36. f6 Bf8 37. fxe7 1-0

[Event "CAN-ch Post-Secondary"]
[Site "Toronto"]
[Date "2010.01.16"]
[Round "3"]
[White "Perelman, Leon"]
[Black "Abrahams, Daniel"]
[Result "0-1"]
[WhiteElo "1999"]
[BlackElo "2048"]
[PlyCount "74"]
[EventDate "2010.01.15"]
[EventType "team"]
[EventRounds "5"]
[EventCountry "CAN"]
[SourceTitle "EXT 2011"]
[Source "ChessBase"]
[SourceDate "2010.11.26"]
[SourceVersion "1"]
[SourceVersionDate "2010.11.26"]
[SourceQuality "1"]

1. c4 e6 2. Nc3 b6 3. e4 c5 4. Nf3 a6 5. g3 Bb7 6. Bg2 Qc7 7. 0-0 d6 8. b3 g6 9. Bb2 e5 10. d3 Ne7 11. Nd2 Nbc6 12. f4 Bg7 13. f5 Bh6 14. f6 Ng8 15. Nd5 Qd8 16. h4 Nd4 17. Bxd4 Bxd5 18. Bxe5 dxe5 19. exd5 Nxf6 20. Nf3 Ng4 21. Qe2 0-0 22. Ng5 Bxg5 23. Qxg4 Be3+ 24. Kh1 Qd6 25. Qf3 Bd4 26. Rae1 Kg7 27. g4 f5 28. Bh3 f4 29. Re2 b5 30. g5 bxc4 31. dxc4 a5 32. Be6 a4 33. Rh2 Qe7 34. Qg4 axb3 35. h5 Rxa2 36. hxg6 Rh8 37. Ra1 Bxa1 0-1

[Event "CAN-ch U18"]
[Site "Quebec"]
[Date "2008.07.15"]
[Round "3"]
[White "Perelman, Leon"]
[Black "McDonald, Justin"]
[Result "1/2-1/2"]
[WhiteElo "1906"]
[BlackElo "2043"]
[PlyCount "48"]
[EventDate "2008.07.14"]
[EventType "tourn"]
[EventRounds "5"]
[EventCountry "CAN"]
[SourceTitle "EXT 2011"]
[Source "ChessBase"]
[SourceDate "2010.11.26"]
[SourceVersion "1"]
[SourceVersionDate "2010.11.26"]
[SourceQuality "1"]

1. Nf3 Nf6 2. g3 c5 3. Bg2 Nc6 4. 0-0 g6 5. c4 Bg7 6. Nc3 0-0 7. d4 cxd4 8. Nxd4 Nxd4 9. Qxd4 d6 10. Qd3 Nd7 11. b3 Nc5 12. Qd2 Bd7 13. Bb2 Bc6 14. Nd5 Bxd5 15. Bxd5 Bxb2 16. Qxb2 e6 17. Bg2 Qc7 18. Rfd1 a5 19. Rd4 Ra6 20. Rad1 Rd8 21. Qd2 f5 22. e4 fxe4 23. Bxe4 Nxe4 24. Rxe4 Qd7 1/2-1/2

[Event "CAN-ch U18"]
[Site "Quebec"]
[Date "2008.07.14"]
[Round "2"]
[White "Perelman, Leon"]
[Black "Balanaser, Morgan"]
[Result "1-0"]
[WhiteElo "1906"]
[BlackElo "1449"]
[PlyCount "43"]
[EventDate "2008.07.14"]
[EventType "tourn"]
[EventRounds "5"]
[EventCountry "CAN"]
[SourceTitle "EXT 2011"]
[Source "ChessBase"]
[SourceDate "2010.11.26"]
[SourceVersion "1"]
[SourceVersionDate "2010.11.26"]
[SourceQuality "1"]

1. e4 e5 2. Bc4 Nf6 3. d3 Bc5 4. Nc3 Nc6 5. f4 d6 6. f5 g6 7. fxg6 fxg6 8. h4 Nh5 9. Nf3 Ng3 10. Bg5 Qd7 11. Nd5 Qg7 12. Bf6 Qh6 13. Bg5 Qg7 14. Qd2 Rf8 15. Bh6 Qf7 16. Bxf8 Kxf8 17. 0-0-0 Nxh1 18. Rxh1 Be6 19. Ng5 Qd7 20. Rf1+ Kg7 21. Nxe6+ Qxe6 22. Nxc7 1-0

[Event "CAN-ch U20"]
[Site "Toronto"]
[Date "2008.05.14"]
[Round "9"]
[White "Zhou, Haonan"]
[Black "Perelman, Leon"]
[Result "1-0"]
[WhiteElo "2137"]
[BlackElo "1797"]
[PlyCount "37"]
[EventDate "2008.05.09"]
[EventType "swiss"]
[EventRounds "9"]
[EventCountry "CAN"]
[SourceTitle "EXT 2011"]
[Source "ChessBase"]
[SourceDate "2010.11.26"]
[SourceVersion "1"]
[SourceVersionDate "2010.11.26"]
[SourceQuality "1"]

1. d4 Nf6 2. c4 e6 3. Nf3 Bb4+ 4. Bd2 Qe7 5. g3 b6 6. Bg2 Bb7 7. 0-0 Bxd2 8. Qxd2 Ne4 9. Qc2 d5 10. cxd5 exd5 11. Nc3 0-0 12. Rac1 Na6 13. Nxe4 dxe4 14. Ne5 c5 15. Bxe4 Nb4 16. Bxh7+ Kh8 17. Qf5 Qe6 18. Nxf7+ Qxf7 19. Qh3 1-0

[Event "CAN-ch U20"]
[Site "Toronto"]
[Date "2008.05.11"]
[Round "5"]
[White "Perelman, Leon"]
[Black "Makaremi, Sina"]
[Result "0-1"]
[WhiteElo "1797"]
[BlackElo "1869"]
[PlyCount "52"]
[EventDate "2008.05.09"]
[EventType "swiss"]
[EventRounds "9"]
[EventCountry "CAN"]
[SourceTitle "EXT 2011"]
[Source "ChessBase"]
[SourceDate "2010.11.26"]
[SourceVersion "1"]
[SourceVersionDate "2010.11.26"]
[SourceQuality "1"]

1. f4 c5 2. Nf3 d5 3. e3 g6 4. d4 Bg7 5. Be2 cxd4 6. exd4 Nc6 7. b3 Nh6 8. 0-0 Nf5 9. c3 0-0 10. Qe1 Ncxd4 11. cxd4 Nxd4 12. Ne5 Nc2 13. Qc3 Qb6+ 14. Kh1 Bf5 15. Bb2 Rac8 16. Qd2 Nxa1 17. Bxa1 Rc2 18. Qd1 Rfc8 19. Nc3 e6 20. Na4 Qe3 21. Nc3 Bxe5 22. fxe5 d4 23. Rf3 Qc1 24. Rf1 Qxd1 25. Rxd1 dxc3 26. Bf3 Rxa2 0-1

[Event "CAN-ch U18"]
[Site "Ottawa"]
[Date "2007.07.04"]
[Round "4"]
[White "Jia, Derek"]
[Black "Perelman, Leon"]
[Result "0-1"]
[WhiteElo "2004"]
[BlackElo "1800"]
[PlyCount "84"]
[EventDate "2007.07.03"]
[EventType "swiss"]
[EventRounds "6"]
[EventCountry "CAN"]
[SourceTitle "EXT 2022"]
[Source "ChessBase"]
[SourceDate "2021.10.06"]
[SourceVersion "1"]
[SourceVersionDate "2021.10.06"]
[SourceQuality "1"]

1. e4 c5 2. Nf3 d6 3. d4 cxd4 4. Nxd4 Nf6 5. Nc3 g6 6. Be3 Bg7 7. f3 Nc6 8. Qd2 0-0 9. Bc4 Bd7 10. 0-0-0 Rc8 11. Bb3 Ne5 12. h4 h5 13. Bg5 Rc5 14. Nd5 Nxd5 15. exd5 a5 16. a3 a4 17. Ba2 Qb6 18. Qb4 Qc7 19. Bxe7 Rc8 20. c3 Ra8 21. Bg5 Ra6 22. Ne2 Rb6 23. Qf4 Bf5 24. Qe3 Rcb5 25. Nd4 Rxb2 26. Nxf5 gxf5 27. Rd2 Nc4 28. Bxc4 Rb1+ 29. Kc2 Rxh1 30. Ba2 Ra1 31. Kd3 Qxc3+ 32. Ke2 Qxe3+ 33. Bxe3 Rb2 34. Bc4 Kh7 35. Rxb2 Bxb2 36. Bf4 Bxa3 37. Bd3 Ra2+ 38. Kf1 Bc5 39. Bxf5+ Kg7 40. Bg3 a3 41. Be1 Ra1 42. Ke2 Rxe1+ 0-1